| 000 | 00657nam a2200217 i 4500 | ||
|---|---|---|---|
| 001 | 10446 | ||
| 003 | ES-MaACL | ||
| 005 | 20230906145906.0 | ||
| 007 | t| | ||
| 008 | 950619s1952 sp f |||| | spa d | ||
| 080 | _a355.48(460.27)Brunete | ||
| 100 | 1 |
_aMacho, Luis Antonio. _975191 |
|
| 245 | 1 | 3 |
_aLa batalla de Brunete / _cpor Luis Antonio Macho. |
| 260 |
_aMadrid : _bPublicaciones Españolas, _c1952. |
||
| 300 |
_a30 p., [4] p. de lám. ; _c24 cm. |
||
| 490 | 1 |
_aTemas españoles ; _v18 |
|
| 650 | 1 | 4 |
_aBrunete, Batalla de- _y1937. _910627 |
| 830 | 0 |
_aTemas españoles ; _v18 _9178712 |
|
| 852 |
_aES-MaACL _jL-17825 |
||
| 999 |
_c10446 _d10446 |
||